LEADER 01101nam a2200277 i 4500 001 991001333049707536 005 20020507191534.0 008 931008s1988 fr ||| | ||| 035 $ab10832853-39ule_inst 035 $aLE01310650$9ExL 040 $aDip.to Matematica$beng 082 0 $a514.72 084 $aAMS 58G 084 $aAMS 58G25 245 10$aSéminaire de théorie spectrale et géométrie n. 6 :$bannée 1987-1988 Chambery-Grenoble /$ceds. Univ. Grenoble I Inst. Fourier, Univ. Savoie Fac. Sciences 260 $aChambery-Grenoble :$bUniv. Grenoble I, Inst. Fourier ; Univ. Savoie Fac. Sciences,$c1988 300 $a122 p. ;$c29 cm. 650 4$aScattering theory 650 4$aSpectral geometry 650 4$aSpectral problems 907 $a.b10832853$b02-04-14$c28-06-02 912 $a991001333049707536 945 $aLE013 58G IFG11 (1988)$g1$i2013000075563$lle013$o-$pE0.00$q-$rl$s- $t0$u0$v0$w0$x0$y.i10941940$z28-06-02 996 $aSéminaire de théorie spectrale et géométrie n. 6$9923526 997 $aUNISALENTO 998 $ale013$b01-01-93$cm$da $e-$feng$gfr $h0$i1